| 000 | 00570nam a2200181 4500 | ||
|---|---|---|---|
| 001 | 140077 | ||
| 003 | ES-MaACL | ||
| 005 | 20230906200011.0 | ||
| 007 | t| | ||
| 008 | 070214s1965 sp r ||||1| spa d | ||
| 100 | 1 |
_aSchroeck, Joseph. _9104716 |
|
| 245 | 1 | 0 |
_aMontaje, ajuste, verificación de elementos de máquinas / _cJoseph Schroeck ; versión de Carlos Saenz de Magarola. |
| 260 |
_aBarcelona : _bRverte, _c1965. |
||
| 300 |
_a309 p. ; _c23 cm. |
||
| 700 | 1 |
_aSaenz de Magarola, Carlos. _9187177 |
|
| 852 |
_aES-MaACL _jC-29057 _bR.59488 |
||
| 999 |
_c140077 _d140077 |
||